[Event "POL-chT U20 2nd League"]
[Site "Szczyrk"]
[Date "2017.07.28"]
[Round "9.42"]
[White "Gworys, Grzegorz"]
[Black "Hasterok, Mateusz"]
[Result "1-0"]
[WhiteElo "1477"]
[BlackElo "1669"]
[PlyCount "65"]
[EventDate "2017.07.22"]
[EventType "team-swiss"]
[EventRounds "11"]
[EventCountry "POL"]
[SourceTitle "EXT 2019"]
[Source "ChessBase"]
[SourceDate "2018.10.10"]
[SourceVersion "1"]
[SourceVersionDate "2018.10.10"]
[SourceQuality "1"]

1. e4 c5 2. Nf3 Nc6 3. d4 cxd4 4. Nxd4 Qb6 5. Nb3 Nf6 6. Nc3 e6 7. Bd3 Bb4 8. 0-0 Bxc3 9. bxc3 d5 10. exd5 Nxd5 11. Bb2 0-0 12. Qh5 Nf6 13. Qg5 h6 14. Qg3 e5 15. Bc1 Kh8 16. Qh4 Ne7 17. Be3 Qe6 18. Rae1 e4 19. Nc5 Qc6 20. Bxe4 Nxe4 21. Qxe4 Qxe4 22. Nxe4 Bf5 23. Bc5 Nd5 24. Bxf8 Rxf8 25. c4 Nb4 26. Nd6 Bxc2 27. Re7 Kg8 28. Rxb7 a5 29. Re1 Rd8 30. Re8+ Rxe8 31. Nxe8 Nxa2 32. Nd6 a4 33. c5 1-0

[Event "POL-chT U19 2nd League"]
[Site "Iwonicz"]
[Date "2015.08.01"]
[Round "5.104"]
[White "Flach, Rajmund"]
[Black "Gworys, Grzegorz"]
[Result "1-0"]
[WhiteElo "1482"]
[BlackElo "1421"]
[PlyCount "65"]
[EventDate "2015.07.25"]
[EventType "team-swiss"]
[EventRounds "11"]
[EventCountry "POL"]
[SourceTitle "EXT 2019"]
[Source "ChessBase"]
[SourceDate "2018.10.10"]
[SourceVersion "1"]
[SourceVersionDate "2018.10.10"]
[SourceQuality "1"]
[WhiteTeam "Krakow KKSz 1893 U19 II"]
[BlackTeam "Czestochowa UKS Hetman U19"]
[WhiteTeamCountry "POL"]
[BlackTeamCountry "POL"]

1. e4 c5 2. c3 d5 3. exd5 Qxd5 4. d4 Nc6 5. Nf3 Bg4 6. Be2 e6 7. h3 Bh5 8. c4 Qd8 9. d5 exd5 10. cxd5 Bxf3 11. Bxf3 Ne5 12. Nc3 Nf6 13. 0-0 Bd6 14. Re1 0-0 15. Be3 a6 16. Qe2 Re8 17. Rad1 Qd7 18. Be4 b5 19. b3 b4 20. f4 bxc3 21. fxe5 Bxe5 22. Bf3 Bg3 23. Rf1 Bf4 24. Rd3 Qb5 25. Re1 Bxe3+ 26. Rxe3 Rxe3 27. Qxe3 Rd8 28. Qxc3 Nxd5 29. Rd1 c4 30. bxc4 Qb6+ 31. Qd4 Qxd4+ 32. Rxd4 Kf8 33. Rxd5 1-0

[Event "POL-chT U19 2nd League"]
[Site "Iwonicz"]
[Date "2015.08.01"]
[Round "11.98"]
[White "Gajda, Stanislaw"]
[Black "Gworys, Grzegorz"]
[Result "1-0"]
[WhiteElo "1549"]
[BlackElo "1421"]
[PlyCount "55"]
[EventDate "2015.07.25"]
[EventType "team-swiss"]
[EventRounds "11"]
[EventCountry "POL"]
[SourceTitle "EXT 2019"]
[Source "ChessBase"]
[SourceDate "2018.10.10"]
[SourceVersion "1"]
[SourceVersionDate "2018.10.10"]
[SourceQuality "1"]
[WhiteTeam "Chylice KS Laura U19 II"]
[BlackTeam "Czestochowa UKS Hetman U19"]
[WhiteTeamCountry "POL"]
[BlackTeamCountry "POL"]

1. d4 d5 2. Nf3 Nf6 3. e3 e6 4. Bd3 Nbd7 5. 0-0 Be7 6. b3 b6 7. Bb2 Bb7 8. Nbd2 0-0 9. Ne5 Nxe5 10. dxe5 Nd7 11. f4 c5 12. Qh5 g6 13. Qh6 Re8 14. Nf3 Bf8 15. Qh3 Bg7 16. Ng5 h6 17. Nf3 Rc8 18. c4 a6 19. Rad1 Qe7 20. cxd5 exd5 21. f5 Nxe5 22. Bxe5 Bxe5 23. fxg6 Bg7 24. gxf7+ Qxf7 25. Nh4 Qe7 26. Qf5 Bh8 27. Rf3 Rf8 28. Rg3+ 1-0

[Event "POL-chT U19 2nd League"]
[Site "Iwonicz"]
[Date "2015.08.01"]
[Round "3.74"]
[White "Gworys, Grzegorz"]
[Black "Miasik, Adrian"]
[Result "0-1"]
[WhiteElo "1421"]
[BlackElo "1805"]
[PlyCount "60"]
[EventDate "2015.07.25"]
[EventType "team-swiss"]
[EventRounds "11"]
[EventCountry "POL"]
[SourceTitle "EXT 2019"]
[Source "ChessBase"]
[SourceDate "2018.10.10"]
[SourceVersion "1"]
[SourceVersionDate "2018.10.10"]
[SourceQuality "1"]
[WhiteTeam "Czestochowa UKS Hetman U19"]
[BlackTeam "Rzeszow U20"]
[WhiteTeamCountry "POL"]
[BlackTeamCountry "POL"]

1. e4 e5 2. Nc3 Nc6 3. Bc4 Bc5 4. Qg4 g6 5. Qf3 Qf6 6. Nd5 Qxf3 7. Nxf3 Bd6 8. c3 Nce7 9. Ng5 Nh6 10. d4 Nxd5 11. Bxd5 0-0 12. h3 Kg7 13. dxe5 Bxe5 14. f4 Bd6 15. e5 Re8 16. Kd1 Be7 17. h4 d6 18. h5 c6 19. hxg6 cxd5 20. gxf7 Rf8 21. e6 Bxg5 22. fxg5 Nxf7 23. exf7 Rxf7 24. Be3 Bf5 25. Kd2 Be4 26. Rh6 Bg6 27. Rd1 Re8 28. Bxa7 Rfe7 29. Rh2 Re2+ 30. Kc1 Rc2+ 0-1

[Event "POL-chT U19 2nd League"]
[Site "Iwonicz"]
[Date "2015.08.01"]
[Round "7.98"]
[White "Gworys, Grzegorz"]
[Black "Pytlarz, Kamil"]
[Result "1-0"]
[WhiteElo "1421"]
[BlackElo "1115"]
[PlyCount "67"]
[EventDate "2015.07.25"]
[EventType "team-swiss"]
[EventRounds "11"]
[EventCountry "POL"]
[SourceTitle "EXT 2019"]
[Source "ChessBase"]
[SourceDate "2018.10.10"]
[SourceVersion "1"]
[SourceVersionDate "2018.10.10"]
[SourceQuality "1"]
[WhiteTeam "Czestochowa UKS Hetman U19"]
[BlackTeam "Chorzow ChTS U19"]
[WhiteTeamCountry "POL"]
[BlackTeamCountry "POL"]

1. e4 e5 2. Nc3 Nc6 3. Bc4 Bc5 4. Qg4 g6 5. Qf3 Qf6 6. Nd5 Qxf3 7. Nxf3 Bd6 8. c3 Nce7 9. Ng5 f6 10. Nf3 Nxd5 11. Bxd5 Ne7 12. Bb3 b6 13. d4 c5 14. dxe5 Bxe5 15. Nxe5 fxe5 16. Bh6 Bb7 17. Bg7 0-0-0 18. Bxh8 Rxh8 19. f3 Ba6 20. 0-0-0 c4 21. Bc2 Kc7 22. g3 g5 23. Rhg1 h6 24. f4 exf4 25. gxf4 gxf4 26. Rg7 Re8 27. Rf1 Kd8 28. Rxf4 Bb5 29. Rh7 Bc6 30. Rxh6 Rg8 31. Rf1 a5 32. Rd1 b5 33. Rhd6 Nc8 34. Rxc6 1-0